<?xml version="1.0" encoding="UTF-8"?>
<record
    xmlns:xsi="http://www.w3.org/2001/XMLSchema-instance"
    xsi:schemaLocation="http://www.loc.gov/MARC21/slim http://www.loc.gov/standards/marcxml/schema/MARC21slim.xsd"
    xmlns="http://www.loc.gov/MARC21/slim">

  <leader>00851nam a22002417a 4500</leader>
  <controlfield tag="005">20150729104747.0</controlfield>
  <controlfield tag="008">150603b        xxu||||| |||| 00| 0 eng d</controlfield>
  <datafield tag="010" ind1=" " ind2=" ">
    <subfield code="a">ENG-113184</subfield>
  </datafield>
  <datafield tag="020" ind1=" " ind2=" ">
    <subfield code="a">9788180386909</subfield>
    <subfield code="c">1895.00</subfield>
  </datafield>
  <datafield tag="035" ind1=" " ind2=" ">
    <subfield code="a">EN-96716</subfield>
  </datafield>
  <datafield tag="037" ind1=" " ind2=" ">
    <subfield code="b">DBAD/PUB</subfield>
  </datafield>
  <datafield tag="040" ind1=" " ind2=" ">
    <subfield code="a">dpl</subfield>
    <subfield code="b">Eng</subfield>
  </datafield>
  <datafield tag="082" ind1=" " ind2=" ">
    <subfield code="a">343.54095</subfield>
  </datafield>
  <datafield tag="100" ind1=" " ind2=" ">
    <subfield code="a">Row, Sanjiva </subfield>
  </datafield>
  <datafield tag="245" ind1="1" ind2="0">
    <subfield code="a">Commentary on the Railways Act 1989 :</subfield>
    <subfield code="c">by Sanjiva Row ; revised by Ejaz Ahmed</subfield>
    <subfield code="b">a comprehensive examination of the Railways Act, 1989 ----------with the 1890 act and vice versa /</subfield>
  </datafield>
  <datafield tag="250" ind1=" " ind2=" ">
    <subfield code="a">8th ed</subfield>
  </datafield>
  <datafield tag="260" ind1=" " ind2=" ">
    <subfield code="a">Gurgaon </subfield>
    <subfield code="b">LexisNexis </subfield>
    <subfield code="c">2011</subfield>
  </datafield>
  <datafield tag="270" ind1=" " ind2=" ">
    <subfield code="a">14th Floor, Building No.10, Tower-B, DLF Cyber City, Phase-II</subfield>
    <subfield code="b">Gugraon </subfield>
    <subfield code="e"> 122002</subfield>
  </datafield>
  <datafield tag="300" ind1=" " ind2=" ">
    <subfield code="a">cx,1114,55p.</subfield>
    <subfield code="c">25cm(Hb)</subfield>
  </datafield>
  <datafield tag="500" ind1=" " ind2=" ">
    <subfield code="a">Includes index.</subfield>
  </datafield>
  <datafield tag="700" ind1=" " ind2=" ">
    <subfield code="a">Ejaz Ahmed</subfield>
  </datafield>
  <datafield tag="942" ind1=" " ind2=" ">
    <subfield code="2">ddc</subfield>
    <subfield code="c">EN</subfield>
    <subfield code="m">ROW</subfield>
    <subfield code="h">343.54095</subfield>
  </datafield>
  <datafield tag="999" ind1=" " ind2=" ">
    <subfield code="c">94067</subfield>
    <subfield code="d">94067</subfield>
  </datafield>
  <datafield tag="952" ind1=" " ind2=" ">
    <subfield code="0">0</subfield>
    <subfield code="1">0</subfield>
    <subfield code="2">ddc</subfield>
    <subfield code="4">0</subfield>
    <subfield code="7">1</subfield>
    <subfield code="8">NFIC</subfield>
    <subfield code="a">DBAD</subfield>
    <subfield code="b">DBAD</subfield>
    <subfield code="d">2015-06-03</subfield>
    <subfield code="e">DBAD/PUB</subfield>
    <subfield code="g">1895.00</subfield>
    <subfield code="l">0</subfield>
    <subfield code="o">343.54095 ROW</subfield>
    <subfield code="p">EN-96716</subfield>
    <subfield code="r">2015-06-03 00:00:00</subfield>
    <subfield code="t">1</subfield>
    <subfield code="v">1895.00</subfield>
    <subfield code="w">2015-06-03</subfield>
    <subfield code="y">EN</subfield>
  </datafield>
</record>
